Famous People Born in the Arab Middle East - Statistics

General Stats
  • This quiz has been taken 40 times
    36 since last reset
  • The average score is 15 of 38
Answer Stats
Born in Person Lifespan % Correct
Saudi Arabia Muhammad 570–632
97%
Iraq Saddam Hussein 1937–2006
94%
Syria Hafez al-Assad 1930–2000
88%
Saudi Arabia Osama bin Laden 1957–2011
88%
Saudi Arabia Husayn ibn Ali 626–680
81%
Syria Bashar al-Assad 1965–
75%
Lebanon Keanu Reeves 1964–
63%
Saudi Arabia Abdullah bin Abdulaziz Al Saud 1924–2015
59%
Jordan Abdullah II 1962–
59%
Saudi Arabia Ali ibn Abi Talib 601–661
59%
Syria (Bethsaida) Saint Peter -1–67
59%
Iraq Hammurabi -1810–-1750
50%
Saudi Arabia Salman bin Abdulaziz Al Saud 1935–
50%
Saudi Arabia Fatima al-Zahra 604–632
47%
Iraq Saladin 1138–1193
47%
Iraq Abu Bakr al-Baghdadi 1971–2019
44%
Saudi Arabia Aisha bint Abi Bakr 605–678
44%
Saudi Arabia Umar ibn al-Khattab 585–644
44%
Saudi Arabia Abdulaziz ibn Saud 1875–1953
38%
Saudi Arabia Abu Bakr 573–634
38%
Iraq Zaha Hadid 1950–2016
34%
Syria (Bethsaida) Saint James the Great 1–44
31%
Syria (Bethsaida) Saint John 6–100
31%
Oman Qaboos bin Said al Said 1940–2020
25%
Saudi Arabia Uthman ibn Affan 574–656
25%
Iraq Nebuchadnezzar II -630–-562
22%
Yemen Ali Abdullah Saleh 1947–2017
19%
Saudi Arabia Khadija bint Khuwaylid 556–619
19%
Lebanon Khalil Gibran 1883–1931
19%
Syria (Bethsaida) Saint Andrew -6–70
16%
Iraq Alhazen 965–1039
13%
Syria (Bethsaida) Saint Philip 5–80
9%
Syria Elagabalus
6%
Iraq Nadia Murad 1993–
6%
Yemen Tawakkol Karman 1979–
6%
Syria Anicetus 70–160
0%
Syria Gregory III 700–741
0%
Lebanon Severus Alexander 208–235
0%
No matching quizzes found
Score Distribution
Percent of People with Each Score
Percentile by Number Answered
Your Score History
You have not taken this quiz since the last reset